| 000 | 00851nam a22003017a 4500 | ||
|---|---|---|---|
| 001 | 414892 | ||
| 003 | DO-SdBNP | ||
| 005 | 20180226143319.0 | ||
| 007 | 414892 | ||
| 008 | 940930r1993 sp | |||| ||spa | ||
| 016 | 7 | _2BPMSU | |
| 017 |
_a _b |
||
| 020 | _a843482471X | ||
| 040 |
_aBPMSU _bspa _cBPMSU _e |
||
| 080 | 0 | _a | |
| 100 | 1 |
_aLópez Narváez, Concha, _d1939- |
|
| 245 | 1 |
_aAmigo de palo / _cConcha López Narváez ; ilustraciones de Tino Gatagán |
|
| 250 | _a5ª ed. | ||
| 260 |
_aMadrid : _bSM ; _c1993. |
||
| 300 |
_a59 p.; _bil.: _c20 cm. |
||
| 490 |
_aEl barco de vapor. Serie blanca _v22 |
||
| 586 | _aPremio Lazarillo 1984 | ||
| 700 | 1 | 1 |
_aGatagán, Tino _d1951-2005 |
| 830 | 0 |
_aEl barco de vapor _pSerie blanca _v22 |
|
| 942 |
_2ddc _cBK |
||
| 945 | _aInventariado, 2018 /LP | ||
| 956 |
_2VMATEO _310 _620151124 _8BPMSU _a00151 |
||
| 999 |
_c8890 _d8890 |
||